Chumpiwillkas : (Record no. 22236)

000 -CABECERA
fixed length control field 01013nam a22002177a 4500
003 - IDENTIFICADOR DEL NÚMERO DE CONTROL
control field AR-CdUCM
008 - DATOS DE LONGITUD FIJA--INFORMACIÓN GENERAL
fixed length control field 190425b ||||| |||| 00| 0 spa d
040 ## - FUENTE DE LA CATALOGACIÓN
Agencia/entidad que catalogó originalmente la obra MUNICIPALIDAD PROVINCIAL DEL CUSCO
Entidad que transcribió la catalogación BIBLIOTECA MUNICIPAL DEL CUSCO
082 ## - NÚMERO DE LA CLASIFICACIÓN DECIMAL DEWEY
No. de Clasificación Chumpiwillkas/N°4/2007
245 ## - MENCIÓN DE TÍTULO
Título Chumpiwillkas :
Resto del título revista cultural /
Mención de responsabilidad Sisko F. Rendón Cusi, Director
260 ## - PUBLICACIÓN, DISTRIBUCIÓN, ETC.
Lugar de publicación, distribución, etc. Santo Tomas.
Nombre de la editorial, distribuidor, etc. Chumpiwillkas,
Fecha de publicación, distribución, etc. 2007.
300 ## - DESCRIPCIÓN FÍSICA
Nº de Páginas Extensión 39 páginas. :
Otros detalles físicos ilustraciones ;
Dimensiones 30 cm.
440 ## - MENCIÓN DE SERIE/PUNTO DE ACCESO ADICIONAL--TÍTULO
Título Chumpiwillkas.
Número de la parte/sección de una obra Año 4, N°4, junio 2007.
9 (RLIN) 47720
505 ## - NOTA DE CONTENIDO CON FORMATO
Nota de contenido formateada Contenido: Pancho Gómez Negrón. -- Municipalización de la educación. -- La mujer campesina escalando peldaños. -- Cuentos. -- Ponchito rojo y otros motivos. -- Whawana Marka de los primeros Chuipiwillkas. -- Breve historia del Club Qorilazo. -- El quechua dulce hablar a través del tiempo. ...
650 ## - PUNTO DE ACCESO ADICIONAL DE MATERIA--TÉRMINO DE MATERIA
Descriptor Educación
9 (RLIN) 460
650 ## - PUNTO DE ACCESO ADICIONAL DE MATERIA--TÉRMINO DE MATERIA
Descriptor Folklore
9 (RLIN) 47716
650 ## - PUNTO DE ACCESO ADICIONAL DE MATERIA--TÉRMINO DE MATERIA
Descriptor Chumbivilcas
9 (RLIN) 10499
700 ## - PUNTO DE ACCESO ADICIONAL--NOMBRE DE PERSONA
Nombre Personal Rendón Cusi, Sisko
9 (RLIN) 47721
942 ## - ELEMENTOS DE PUNTO DE ACCESO ADICIONAL (KOHA)
Fuente de clasificación
Tipo de item Revistas cusqueñas
945 ## - PROCESAMIENTO DE INFORMACIÓN LOCAL (OCLC)
Catalogador rac
Holdings
Estado de retiro (separado) Fuente de clasificación o esquema de estanterías Estado dañado Ubicación Sala donde se ubica Nombre de la colección Fecha de adquisición o compra Costo, precio normal en soles Signatura topográfica Código de Barras Última vez visto (Koha) Tipo de ítem (Koha)
No     Sala Hemeroteca Sala Hemeroteca Book Cart 2022-03-30 5.00 Chumpiwillkas/N°4/2007 REVC000885 2022-03-30 Revistas cusqueñas

Powered by Koha